Introductory functional analysis with applications /

Détails bibliographiques
Auteur principal: Kreyszig, Erwin
Format: Livre
Langue:English
Publié: New York : Wiley, c1978.
Sujets:
Classic Catalogue: View this record in Classic Catalogue
LEADER 01170nam a2200301 i 4500
001 31253
003 BD-DhAAL
005 20160823101242.0
008 160823s1978 nyua b 001 0 eng
010 |a  77002560  
020 |a 9780471504597 (pbk) 
020 |a 0471507318 
040 |a DLC  |c DLC  |d DLC  |d BD-DhAAL 
050 0 0 |a QA320  |b .K74 
082 0 0 |a 515.7 
100 1 |a Kreyszig, Erwin.  |9 20368 
245 1 0 |a Introductory functional analysis with applications /  |c Erwin Kreyszig. 
260 |a New York :  |b Wiley,  |c c1978. 
300 |a xiv, 688 p. :  |b ill. ;  |c 24 cm. 
500 |a Includes index. 
504 |a Bibliography: p. 675-679. 
526 |a MNS 
541 |e 31253, 31254 
650 0 |a Functional analysis.  |9 20369 
942 |2 ddc  |c BK 
999 |c 37763  |d 37763 
952 |0 0  |1 0  |2 ddc  |4 0  |6 515_700000000000000_KRE  |7 0  |9 59555  |a BRACUL  |b BRACUL  |c GEN  |d 2016-08-02  |e Trim Education  |g 8570.00  |l 8  |m 104  |o 515.7 KRE  |p 3010031253  |r 2026-04-05  |s 2025-10-13  |t 1  |v 8570.00  |w 2016-08-02  |y BK 
952 |0 0  |1 0  |2 ddc  |4 0  |6 515_700000000000000_KRE  |7 0  |9 59556  |a BRACUL  |b BRACUL  |c GEN  |d 2016-08-02  |e Trim Education  |g 8570.00  |l 6  |m 37  |o 515.7 KRE  |p 3010031254  |r 2026-05-18  |s 2026-02-05  |v 8570.00  |w 2016-08-02  |y BK